| 000 | 00000nam##2200000za#4500 |
| 001 | 9.615955 |
| 003 | CaOODSP |
| 005 | 20210929082757 |
| 007 | ta |
| 008 | 150406|2002||||xxc||||| f|0| 0 eng|d |
| 020 | |a0-662-32132-4 |
| 022 | |a0830-0453 |
| 040 | |aCaOODSP|beng |
| 043 | |an-cn--- |
| 086 | 1 |aFo46-17/393E |
| 110 | 1 |aCanada. |bNatural Resources Canada. |bCanadian Forest Service. |
| 245 | 10|aLevels-of-growing-stock cooperative study in Douglas-fir : |breport no. 16, Sayward Forest and Shawnigan Lake / |cby Dennis Beddows. |
| 260 | |aVictoria - British Columbia : |bNatural Resources Canada. |c2002. |
| 300 | |aviii, 67p. : |bgraphs, references, tables ; |c28 cm. |
| 490 | 1 |aInformation report. [BC-X series]|x0830-0453|vBC-X-393 |
| 563 | |aSoftcover |
| 590 | |a02-30|b2002-07-26 |
| 690 | 07|aModel forests|2gcpds |
| 690 | 07|aTrees|2gcpds |
| 690 | 07|aWestern provinces|2gcpds |
| 720 | 1 |aBeddows, Dennis |
| 776 | 0#|tLevels-of-Growing-Stock cooperative study in Douglas-fir. Report no. 16, Sayward Forest and Shawnigan Lake / |w(CaOODSP)9.573077 |
| 830 | #0|aInformation report (Pacific Forestry Centre)|x0830-0453|vBC-X-393|w(CaOODSP)9.514663 |